Loading...
Keralathile kalakal
| Main Author: | |
|---|---|
| Format: | Printed Book |
| Published: |
thiruvananthapuram
evergreen
2012
|
| LEADER | 00387nam a22001217a 4500 | ||
|---|---|---|---|
| 082 | |a 701 |b JOB/KE | ||
| 100 | |a Joby joy kurian | ||
| 245 | |a Keralathile kalakal | ||
| 260 | |a thiruvananthapuram |b evergreen |c 2012 | ||
| 300 | |a 114p. | ||
| 942 | |c BK | ||
| 999 | |c 2603 |d 2603 | ||
| 952 | |0 0 |1 0 |4 0 |6 701_000000000000000_JOB_KE |7 0 |8 FIC |9 3485 |a KUFOS |b KUFOS |c FIC |d 2016-05-13 |o 701 JOB/KE |p 18492 |r 2016-05-13 |w 2016-05-13 |y BK | ||